000 00516nam a2200169Ia 4500
001 28787
003 IN-NITTTR
005 20251114233355.0
008 251113s9999||||xx |||||||||||||| ||eng||
040 _beng
040 _cIN-NITTTR
041 _aeng
082 _a343.54052 N11
100 _aNabhi Publications,
245 0 _aNabhis' formation and management of a trust along with tax planning 2009-10 :
_b a practical handbook for private, charitable a religious trusts /
_cNabhi Publications
942 _2ddc
_cBK
999 _c31415
_d31415